000 00418cam a2200157ua 4500
041 _aeng
_h
082 _a373
_bDOU/TR
100 _aDouglass, Hael.R .
245 _aTrends and issues in secondary education /
_cR Hael Douglass.
_hTextual Documents
250 _a1 /
_b.
260 _aNew Delhi :
_bPrentice Hall of India Pvt Ltd. ,
_c1965.
300 _a109 ; .
504 _a
942 _cBK
999 _c2166
_d2166